United States Cities By there picture - Statistics

General Stats
  • This quiz has been taken 28 times
  • The average score is 29 of 40
Answer Stats
Picture Answer % Correct
Las Vegas
95%
Los Angeles
95%
New York
95%
Seattle
90%
St Louis
90%
Washington Dc
90%
Boston
86%
Chicago
86%
Philadelphia
86%
San Francisco
86%
Denver
81%
Houston
81%
Memphis
81%
New Orleans
81%
San Diego
81%
Baltimore
76%
Cleveland
76%
Dallas
76%
Miami
76%
Portland
76%
Atlanta
71%
Indianapolis
71%
Nashville
71%
Phoenix
71%
Buffalo
67%
Detroit
67%
Kansas City
67%
Minneapolis
67%
Jacksonville
62%
Milwaukee
62%
Orlando
62%
San Antonio
62%
Charlotte
57%
Oklahoma City
57%
Raleigh
57%
Columbus
52%
Omaha
48%
Tampa
48%
Virginia Beach
33%
Wichita
24%
No matching quizzes found
Score Distribution
Percent of People with Each Score
Percentile by Number Answered
Your Score History
You have not taken this quiz